| 000 | 00529nam a2200145Ia 4500 | ||
|---|---|---|---|
| 008 | 100204s9999 xx 000 0 und d | ||
| 082 | _b2793 | ||
| 100 | _aअदवंत म. ना. / भालचंद्र्र खांडेकर संपा. | ||
| 245 | _aज्ञानेश्वरी | ||
| 260 |
_b"अनमोल प्रकाशन, पुणे" _c1971 |
||
| 300 | _a110 | ||
| 630 | _aज्ञानेश्वरी | ||
| 730 | _aज्ञानेश्वरी | ||
| 942 | _cBOOK | ||
| 999 |
_c447818 _d447815 |
||